| 000 | 00968nam a2200265Ia 4500 | ||
|---|---|---|---|
| 003 | OSt | ||
| 005 | 20221005111432.0 | ||
| 006 | a|||||r|||| 00| 0 | ||
| 007 | ta | ||
| 008 | 221004b |||||||| |||| 00| 0 hin d | ||
| 020 | _c350 | ||
| 024 | _a14334 | ||
| 037 |
_b269, 03/03/2014, Vani Prakashan _cTextual |
||
| 040 |
_aCRL _cCRL _bhin |
||
| 041 |
_2hin _ahin |
||
| 082 | _aO152,1:g(R5), P0 | ||
| 100 |
_aनरसिंहाचारी, एस.टी. _9158268 |
||
| 245 | 0 | _aसौंदर्यशास्त्रीय समीक्षा | |
| 246 | _aSauandaryashāstrīya samīkṣhā | ||
| 260 |
_aनई दिल्ली _bवाणी प्रकाशन भारत _c2000 |
||
| 300 |
_a367पृ0 _ccm. |
||
| 650 | _aहिन्दी साहित्य | ||
| 942 |
_hO152,1:g(R5), P0 _cTEXL _2cc |
||
| 999 |
_c1021832 _d1021832 |
||